Phân tích phương sai và phân tích hồi quy trong thống kê y học : Luận văn thạc sĩ toán học. Chuyên ngành: Lý thuyết xác suất và thống kê tính toán

Luận văn trình bày về phân tích phương sai, phân tích hồi quy tuyến tính, phân tích hồi quy logistic.

محفوظ في:
التفاصيل البيبلوغرافية
المؤلف الرئيسي: Phan, Thị Tuyết Nhung
التنسيق: كتاب
اللغة:Undetermined
منشور في: Cần Thơ Trường Đại học Cần Thơ 2010
الموضوعات:
الوسوم: إضافة وسم
لا توجد وسوم, كن أول من يضع وسما على هذه التسجيلة!
Thư viện lưu trữ: Trung tâm Học liệu Trường Đại học Cần Thơ
LEADER 01096nam a2200229Ia 4500
001 CTU_157723
008 210402s9999 xx 000 0 und d
082 |a 519.5 
082 |b Nh513 
088 |a 60460106 
100 |a Phan, Thị Tuyết Nhung 
245 0 |a Phân tích phương sai và phân tích hồi quy trong thống kê y học : 
245 0 |b Luận văn thạc sĩ toán học. Chuyên ngành: Lý thuyết xác suất và thống kê tính toán 
245 0 |c Phan Thị Tuyết Nhung; Nguyễn Văn Thu (Hướng dẫn khoa học) 
260 |a Cần Thơ 
260 |b Trường Đại học Cần Thơ 
260 |c 2010 
520 |a Luận văn trình bày về phân tích phương sai, phân tích hồi quy tuyến tính, phân tích hồi quy logistic. 
650 |a Medical statistics,Y học thống kê,Biometry,Statistics,Sinh trắc học,Toán thống kê 
650 |x Methods,Phương pháp 
904 |i Năm 
980 |a Trung tâm Học liệu Trường Đại học Cần Thơ